000 00540nam a2200217Ia 4500
003 OSt
005 20220928103600.0
006 a|||||r|||| 00| 0
007 ta
008 220927b |||||||| |||| 00| 0 eng d
024 _a26040
037 _cTextual
040 _aSDCL
_cSDCL
_beng
041 _2eng
_aeng
082 _aQ125:26, K6
245 0 _aSHANKARBHASHYOPETA KRISHANAYAJURVEDIYA Swetaswataropnisad.
260 _c1966
300 _a224p.
_ccm.
942 _hQ125:26, K6
_cTEXL
_2CC
999 _c720957
_d720957